| 000 | 00977nam a22002297a 4500 | ||
|---|---|---|---|
| 005 | 20100709111925.0 | ||
| 008 | 100709t xxu||||| |||| 00| 0 hin d | ||
| 010 | _aHIN-89633 | ||
| 020 |
_a9788177210934 _c100.00 |
||
| 035 | _aHN-61979 | ||
| 037 | _bDBAD / PUB | ||
| 040 |
_aDPL _bHN |
||
| 082 | _a921 | ||
| 100 |
_aकौशल किशोर _926241 |
||
| 245 |
_aमहर्षि अरविंद घोष / _cकौशल किशोर |
||
| 246 |
_aMAHARISHI AUROBINDO _bby kaushal kishor |
||
| 260 |
_aदिल्ली _bसत्साहित्य प्रकाशन _c2009 |
||
| 270 |
_a205-बी, चावड़ी बाजार _bदिल्ली _e110006 |
||
| 300 |
_a80पृ _c22सेमी (सजिल्द) _bसचित्र |
||
| 942 |
_2ddc _cHN _mकौशल _h921 |
||
| 999 |
_c36846 _d36846 |
||